BUBT Library Online Catalog

The Knowledge Based Organization :For Steps to Increasing Sales Profits & Market Share (Record no. 1949)

000 -LEADER
fixed length control field 00717nam a2200217Ia 4500
003 - CONTROL NUMBER IDENTIFIER
control field BUBTL
008 - FIXED-LENGTH DATA ELEMENTS--GENERAL INFORMATION
fixed length control field 151213s9999 xx 000 0 und d
020 ## - INTERNATIONAL STANDARD BOOK NUMBER
International Standard Book Number 0-7863-0353-0
082 ## - DEWEY DECIMAL CLASSIFICATION NUMBER
Classification number 658.812/ALK
100 ## - MAIN ENTRY--PERSONAL NAME
Personal name James A.Aleyasder & Micheel C.Lyons
9 (RLIN) 2546
245 ## - TITLE STATEMENT
Title The Knowledge Based Organization :For Steps to Increasing Sales Profits & Market Share
Statement of responsibility, etc. James A.Aleyasder & Micheel C.Lyons
260 ## - PUBLICATION, DISTRIBUTION, ETC. (IMPRINT)
Place of publication, distribution, etc. Chicago
Name of publisher, distributor, etc. Irwin
Date of publication, distribution, etc. 1995
300 ## - PHYSICAL DESCRIPTION
Extent [xv],139p.:
Other physical details 23cm.
Dimensions Marketing.
500 ## - GENERAL NOTE
General note Includes Index.
650 #0 - SUBJECT ADDED ENTRY--TOPICAL TERM
Topical term or geographic name as entry element Marketing
9 (RLIN) 53
650 #0 - SUBJECT ADDED ENTRY--TOPICAL TERM
Topical term or geographic name as entry element Marketing
9 (RLIN) 53
700 ## - ADDED ENTRY--PERSONAL NAME
Personal name James A.Aleyasder & Micheel C.Lyons
9 (RLIN) 2546
856 ## - ELECTRONIC LOCATION AND ACCESS
Password 0
Logon 0
Link text Download
942 ## - ADDED ENTRY ELEMENTS (KOHA)
Source of classification or shelving scheme
Koha item type Books
Holdings
Withdrawn status Lost status Source of classification or shelving scheme Damaged status Not for loan Collection code Permanent location Current location Shelving location Date acquired Inventory number Total Checkouts Full call number Barcode Date last seen Copy number Price effective from Koha item type
          Non-fiction Bangladesh University of Business and Technology Library Bangladesh University of Business and Technology Library Marketing Stacks 12/10/2019 2738   658.812/ALK BUBTL-20032738 12/10/2019 C-1 12/10/2019 Books

More Information About Library

Library Hours

  • Open: 9.00 am. to 9.00 pm.
  • Only Sunday: 9.00 am. to 6.00 pm.
  • Closed: Holiday

Contact to the University

Bangladesh University of Business and Technology Library

  • Mirpurl-2, 1216.
  • Phone:
  • Fax:
  • E-Mail: admin.library@bubt.edu.bd

Contact to the Library

Contact Person:

Md. Abdul Hakim Shah
Joint Librarian
PABX No:  113
Cell No: 01816332931
E-mail: official: admin.library@bubt.edu.bd
Personal: hakim.shah@bubt.edu.bd


BUBT Library

Copyright © 2021